| 000 | 01005 am a2200301ua 4500 | ||
|---|---|---|---|
| 001 | 011934953 | ||
| 003 | EG-ScBUE | ||
| 005 | 20220210110426.0 | ||
| 008 | 030224s2000 enk f 000 1 eng d | ||
| 020 | _a9780141184029 | ||
| 040 |
_aStDuBDS _beng _erda _cEG-ScBUE _dUk _dEG-ScBUE |
||
| 082 | 0 | 4 |
_a823.912 _222 _bWAU |
| 100 | 1 |
_aWaugh, Evelyn, _d1903-1966, _eauthor. _930692 |
|
| 245 | 1 | 0 |
_aScoop : _ba novel about journalists / _cEvelyn Waugh ; with an introduction by Christopher Hitchens. |
| 264 | 1 |
_aLondon : _bPenguin Group, _c2000. |
|
| 300 |
_axiv, 222 pages ; _c20 cm. |
||
| 336 |
_2rdacontent _atext _btxt |
||
| 337 |
_2rdamedia _aunmediated _bn |
||
| 338 |
_2rdacarrier _avolume _bnc |
||
| 490 | 0 | _aPenguin classics | |
| 650 | 7 |
_aWar correspondents _vFiction. _930694 _2BUEsh |
|
| 650 | 7 |
_aPress _vFiction. _930695 _2BUEsh |
|
| 651 | _2BUEsh | ||
| 653 |
_cJuly2012 _bHHUUEENN |
||
| 655 |
_vReading book _934232 |
||
| 700 | 1 |
_aHitchens, Christopher, _eauthor of introduction, etc. |
|
| 942 |
_2ddc _cBB |
||
| 999 |
_c16897 _d16897 |
||